Loading...
| Social Science | 0 | 4 | 0 | 0 | 40 | 53 | 80.25 | 0 | 1 | 11.33 | 21.45 |
| Philosophy | 0 | 2 | 1 | 0 | 15 | 85 | 91.50 | 0 | 2 | 4.60 | 14.00 |
| Literature - American | 0 | 2 | 1 | 0 | 15 | 74 | 102.00 | 0 | 1 | 6.02 | 10.73 |
| Science - Biology | 0 | 2 | 2 | 0 | 10 | 28 | 59.50 | 0 | 1 | 10.14 | 11.00 |
| Science - Chemistry | 0 | 1 | 0 | 0 | 10 | 98 | 98.00 | 0 | 0 | 1.69 | 6.00 |
| Literature - British | 0 | 1 | 0 | 0 | 10 | 70 | 70.00 | 0 | 0 | 4.40 | 5.00 |
| Fine Arts - Classical Music | 0 | 1 | 0 | 0 | 10 | 117 | 117.00 | 0 | 0 | 1.00 | 5.00 |
| Current Events | 0 | 1 | 0 | 0 | 10 | 74 | 74.00 | 0 | 0 | 14.21 | 20.00 |
| Geography | 0 | 1 | 0 | 0 | 10 | 92 | 92.00 | 0 | 0 | 14.89 | 31.82 |
| Religion | 0 | 1 | 1 | 1 | 5 | 138 | 138.00 | 0 | 0 | 0.00 | 0.91 |
| Literature - European | 0 | 1 | 1 | 0 | 5 | 128 | 128.00 | 0 | 0 | 0.00 | 2.00 |
| Science - Physics | 0 | 0 | 0 | 0 | 0 | 0.00 | 0 | 0 | 0.00 | 0.00 | |
| Science - Other | 0 | 0 | 1 | 0 | -5 | 0.00 | 0 | 0 | 0.00 | 0.00 | |
| Fine Arts - Other | 0 | 0 | 2 | 0 | -10 | 0.00 | 0 | 0 | 0.00 | 0.00 |